000 00481nam a2200169 i 4500
001 146851
003 ES-MaACL
005 20230906201711.0
007 t|
008 070918s1973 sp ||||1| spa d
100 1 _aTrobisch, Walter.
_9111472
245 1 0 _aYo me casé contigo /
_cWalter Trobisch ; [tradujo Luis Martín].
260 _aSalamanca :
_bSigueme,
_c1973.
300 _a179 p. ;
_c18 cm.
700 1 _aMartín, Luis.
_977339
852 _aES-MaACL
_jC-53714
_bR.86695
999 _c146851
_d146851